Textika a štylistika : Zborník príspevkov

Salvato in:
Dettagli Bibliografici
Ente Autore: Celoštátna štylistická konferencia Bratislava
Natura: Atti del Convegno Libro
Lingua:slovacco
ceco
Pubblicazione: Bratislava : Univerzita Komenského v Bratislave, 1989
Soggetti:
Tags: Aggiungi Tag
Nessun Tag, puoi essere il primo ad aggiungerne!!

MARC

LEADER 00000nam a22000003a 4500
001 stu79031
005 20150408175501.6
008 030213s1989----cs------------------slo-d
020 |a 80-223-0000-4 
040 |a STU  |b slo 
041 0 |a slo  |a cze 
044 |a cs 
080 |a 81 
111 2 |a Celoštátna štylistická konferencia  |d (29.-31.1.1986 :  |c Bratislava) 
245 |a Textika a štylistika :  |b Zborník príspevkov 
260 |a Bratislava :  |b Univerzita Komenského v Bratislave,  |c 1989 
300 |a 292 s 
650 7 |a lingvistika  |2 stusub 
996 |b 284M039021  |c M*Z-2154  |l MMKN  |s A  |a 24  |w stu79031_0001